000
00316nam a22001337a 4500
008
170615b xxu||||| |||| 00| 0 eng d
020
_a
2900131930703
041
_a
eng
080
_2
4TH
_a
32
100
_a
19
101
_a
SHP
245
_a
THE CHALLENGE OF THIRD WORLD DEVELOPMENT
_c
HANDELMAN, H
942
_2
udc
_c
BK
999
_c
17548
_d
17548